Jeux de mots - Ils commencent par "rol" - Statistiques

Statistiques générales
  • Ce quiz a été pris 61 fois
  • Le résultat moyen est 3 sur 7
Statistiques - réponses
Hint Réponse % Correct
Document sur lequel figurait un acte notarié, un jugement, une expédition de jugement. Rôle
94%
Patin dont la chaussure est munie de plusieurs roulettes alignées. Roller
80%
Filet de hareng cru mariné au vinaigre doux, enroulé autour d’un cornichon ou d’un oignon grâce à une pique en bois. Rollmops
41%
(Petit) Rôle, texte que l’on doit jouer. Rôlet
20%
Oiseau de la taille d'un geai, au plumage bleu turquoise et marron. Il se nourrit principalement de gros insectes et parfois de petits vertébrés. Rollier
9%
Fromage picard au lait de vache, à pâte molle et à croûte lavée, de couleur ocre ou rouge. Rollot
9%
Au cinéma, il tient la tête d'affiche du film. Rôle-titre
7%
Aucun quiz correspondant
Distribution des résultats
% des personnes avec chaque résultat
Percentile par nombre de réponses
Votre historique - résultats
Vous n’avez pas pris ce quiz